Quizzes
Events
Quiz Creation
Community
Videos
Private Events
Remove Ads
Sign In
Join for FREE
Feedback
Dark Mode
Quiz Categories
Sports
Geography
Music
Movies
Television
Just For Fun
Miscellaneous
History
Literature
Language
Science
Gaming
Entertainment
Religion
Holiday
For Kids
Quiz Lab
Recent
Popular Today
Quiz Kudos Today
Editor Picks
Curator Picks
Quizzes by...
Day
Popularity
Type
Ratings
Length
Year
Community
Subscriptions
Recent Discussions
Orange Saloon
Badges
Playlists
Quests
Create
Leaderboards
Showdown
Live 5
Trivia Bingo
Activity
Puzzle Library
Sporcle Events
Private Events
Virtual Trivia
Globe League
Become a Host
Pub Owners
SporcleCon
Opinionation
Our Games
Videos
Blog
Mobile Apps
Partnerships
Remove Ads and Go Orange
Feedback
Sports
Athletes
MLB
NBA
NHL
NFL
Soccer
Sports Teams
WWE
NCAA
Football
Premier League
Basketball
Baseball
Hockey
Golf
Tennis
Cricket
Rugby
Auto Racing
Olympics
World Cup
Sports
Athletes
MLB
NBA
NHL
NFL
Soccer
Sports Teams
WWE
NCAA
Football
Premier League
Basketball
Baseball
Hockey
Golf
Tennis
Cricket
Rugby
Auto Racing
Olympics
World Cup
Random Quiz
Search Sporcle
×
Quiz Lab
Quiz Lab
Sports
NFL
Type in answers that appear in a list
Type in answers that appear in a list
Classic
Best Score? Go Orange.
Gil Brandt's 49 Rising Prospects (2014 NFL Draft) Stats
Can you name Gil Brandt's 49 rising prospects for the 2014 NFL Draft?
By
Jocky091
10m
49 Questions
43 Plays
43 Plays
43 Plays
Comments
Comments
Give Quiz Kudos
Give Quiz Kudos
-
- Ratings
hide this ad
More Info
Replay
Link that replays current quiz
Next Quiz
Link to next quiz in quiz playlist
You Got
0%
They Got
Avg Score
10%
Avg Friend Score
Upgrade to see
Score Distribution
Jump to the score distribution portion of the page
Score
0/49
Timer
10:00
0
Plays Today
Position
Player
% Correct
QB
Tajh Boyd
95.3%
QB
Garrett Gilbert
53.5%
CB
Desmond Jackson
34.9%
QB
Casey Pachall
30.2%
LB
Ryan Jones
30.2%
RB
Karl Williams
27.9%
DL
Levi Brown
27.9%
CB
Marcus Williams
27.9%
LB
Aaron Hill
23.3%
QB
Tyler Russell
14%
RB
Ray Neal
14%
WR
Eric Ward
7%
TE
Rashaun Allen
7%
DL
Beau Allen
7%
LB
Denicos Allen
7%
LB
Brock Coyle
7%
CB
Walt Aikens
7%
DB
Sean Parker
7%
RB
Darrin Reaves
4.7%
OT
David Hurd
4.7%
LB
Glenn Carson
4.7%
CB
Demetri Goodson
4.7%
FS
Louis Ballentine
4.7%
RB
Zach Bauman
2.3%
RB
Ryan Eppes
2.3%
Position
Player
% Correct
RB
Josh Harris
2.3%
RB
Stephen Houston
2.3%
RB
Kedrick Rhodes
2.3%
RB
Zurlon Tipton
2.3%
WR
Geraldo Boldewijn
2.3%
WR
Aaron Burks
2.3%
WR
Greg Hardin
2.3%
WR
Micah Hatfield
2.3%
WR/
KR
Nathan Slaughter
2.3%
OL
Trey Hopkins
2.3%
OL
Zac Kerin
2.3%
OL
Andrew Norwell
2.3%
OL
Jordan Ulrick
2.3%
DL
Rakim Cox
2.3%
DL
Andru Pulu
2.3%
DL
Tavita Woodward
2.3%
DL
D.J. Yendrey
2.3%
LB
Nate Askew
2.3%
LB
Tani Maka
2.3%
LB
Zach Orr
2.3%
CB
Kenneth Acker
2.3%
CB
Torin Harris
2.3%
CB
Pierre Warren
2.3%
K
Andrew Furney
2.3%
Quiz Playlist
Details
Report
Send in Message
Add To Playlist
More Info:
These positions are listed as is in the article, not ranked in any particular order; not my opinion, but Gil Brandt's
Classic:
Type in answers that appear in a list
Quiz Source
Last Updated: Feb 16, 2017
Quiz Scoreboard
CHALLENGE
Sign Up to Join the Scoreboard
Show All
Scores
Hide
Comments
May contain spoilers
Recently Published
Presidents Visiting Landmarks
by Hejman
History
7m
An Introduction to Baseball
by treessimontrees
Sports
5m
Movies - When Are They Set?
by FPL_Elf
Movies
5m
More to Explore
Quiz From the Vault
Featured Blog Post
Where Did the Easter Bunny Come From?
hide this ad
You Might Also Like...
Tags
NFL Quiz
NFL Draft
Today's Top Quizzes in Sports
Browse Sports
hide this ad
Today's Top Quizzes in NFL
Browse NFL
Top Contributed Quizzes in Sports
1
Les meilleurs buteurs des matchs entre le PSG et l’OM
2
2022 World Cup Stars
3
FIFA Club World Cup Champions
4
Les entraîneurs de l'OM et du PSG au 21e siècle
5
Name the Premier League winners with different clubs
6
La finale Lions - Afrique du Sud 2021
7
5-to-1: UK Sports Teams
8
England Test cricketers to play under Nasser Hussain
9
Players with Multiple 50 Home Run Seasons
10
AFC Teams Reveal (Wrong Answers Minefield)
Explore More
Trending Topics
Anime
NBA
Disney
Marvel
Crossword
Harry Potter
Kpop
WWE
Soccer
NFL
Country
Song
Pokémon
The Office
Puzzle
hide this ad
More By:
Jocky091
Quiz
Plays
Rating
Category
Featured
Created
2012 NFL Top 101 Draft Prospects
3,344
4.33
Sports
Apr 15, 2012
2011 NFL Fantasy WR Rankings
2,533
4.46
Sports
Feb 16, 2011
2011 World Golf Rankings
2,050
5.00
Sports
Feb 16, 2011
NFL 2017 All-Rookie Team
1,970
3.00
Sports
Jan 24, 2018
NFL Draft 2016 Top 50 Draft Prospects
554
5.00
Sports
Jan 19, 2016
Go to Creator's Profile
Score Distribution
Quiz Creator Spotlight
Jocky091
Follow
Send a Message
Quizzes Created
-
Created Quiz Play Count
-
More By This Creator
Popular Quizzes Today
1
Find the US States - No Outlines Minefield
2
Find the Countries of Europe - No Outlines Minefield
3
The Countries of the World
4
Find the US States
5
Popular People in 1961
6
US States
7
Risky Map Clicking: Biggest States A-Z
8
1-10 Letter E Words III
More Sports Quizzes
All about... Borussia Dortmund
Curator's Pick
Trending Quizzes
Risky Map Clicking: Least Populous States A-Z
1-10 Letter G Words
1-10 Letter F Words
Risky Map Clicking: Next State Alphabetically
Risky Map Clicking: Biggest States A-Z
Recently Updated
Leaping Animals
pecheneg
Reality TV Shows (A-Z)
bhenderson79
Rickey Henderson's Hall of Fame Teammates
pecheneg
Champions League XIs: Arsenal
pecheneg
Quick Pick: Celebrities in WWE's Hall of Fame
aduchscher
A-Z Keypad Blitz II
pecheneg
Multiple Oscar Actors
pecheneg
Mystery Phrase Blitz: Oscar 'Best Actors'
pecheneg
F. Scott Fitzgerald Novels
LTH
Pick 3 Villains
ddd62291
Trending Topics
Disney
NBA
Crossword
Marvel
Anime
Kpop
Harry Potter
Country
The Office
Soccer
Puzzle
Song
Pokémon
WWE
NFL
Your Account Isn't Verified!
In order to create a playlist on Sporcle, you need to verify the email address you used during registration. Go to your
Sporcle Settings
to finish the process.
Report this User
Report this user for behavior that violates our
Community Guidelines
.
Details:
Send Report
Go to the Sporcle.com Mobile Site →
Comments